| 000 | 00451cam a2200169ua 4500 | ||
|---|---|---|---|
| 020 | _c$ 2.50 | ||
| 041 |
_aeng _h |
||
| 082 |
_a941.712 41 _bJEN/PR |
||
| 100 | _aJennings, Ivor . | ||
| 245 |
_aProblems of the New Commonwealth / _cIvor Jennings. _hTextual Documents |
||
| 260 |
_aLondon : _bDuke University Commonwealth Studies Center , _c1958. |
||
| 300 | _a114 ; . | ||
| 365 | _a$ 2.50 | ||
| 504 | _a | ||
| 942 | _cBK | ||
| 999 |
_c423 _d423 |
||